00869nam a2200193Ia 4500001001100000003001000011008004100021040002500062041001300087100001900100245005900119250001100178260007000189300002700259500012700286501011400413520012700527650002100654L282-22836IT-CnALBA170116s9999||||xx |||||||||||||| ||und|| aIT-CnALBAcIT-CnALBA aITALIANO aBARRUEL, ABATE 0aSTORIA DEL CLERO IN TEMPO DELLA RIVOLUZIONE FRANCESE.  a1a ed. aROMAbPROPAGANDA FIDE. TIPOGR. POLIGL. ROMAc1888 [1° Ed.: n.d.] a452 p. (prefazione: 5) aTRADUZIONE DAL FRANCESE DI GIULIO ALVISINI, ABATE DI FARFA. IMPAGINAZIONE SBAGLIATA. CONFRONTA DOCUMENTO 22835: DOPPIONE.  aSocietà San Paolo EM - Piazza San Paolo, 14 - 12051 ALBA (CN) (non commercial uses only) ® Copyright 2017 aTRADUZIONE DAL FRANCESE DI GIULIO ALVISINI, ABATE DI FARFA. IMPAGINAZIONE SBAGLIATA. CONFRONTA DOCUMENTO 22835: DOPPIONE.  aCHIESA CATTOLICA